Pronovias: embajadora de la Marca España en el exterior bakalárska práca

Salvato in:
Dettagli Bibliografici
Autore principale: Bujnovská, Adriána
Ente Autore: Fakulta aplikovaných jazykov EU v Bratislave. Katedra románskych a slovanských jazykov
Altri autori: Perďochová, Jana
Natura: Libro
Lingua:spagnolo
Pubblicazione: Bratislava 2018
Tags: Aggiungi Tag
Nessun Tag, puoi essere il primo ad aggiungerne!!

MARC

LEADER 00000nbm a2200000 4500
001 0244040
005 20181011091501.3
041 0 |a spa 
044 |a SK 
245 1 0 |a Pronovias: embajadora de la Marca España en el exterior  |b bakalárska práca  |c Adriána Bujnovská ; školiteľ: Jana Perďochová 
264 1 |a Bratislava  |c 2018 
300 |a 48 s. 
100 1 |a Bujnovská, Adriána 
700 1 |a Perďochová, Jana 
710 2 |a Fakulta aplikovaných jazykov EU v Bratislave. Katedra románskych a slovanských jazykov